000 00876nam a2200265 i 4500
003 DO-SdBNP
005 20241010112430.0
007 ta
008 241010s1977 dr a 000 0 spa d
040 _aDO-SdBNP
_bspa
_cBNPHU
_erda
082 _bR788
_222
100 _aRosa, Jesús de la
_923790
_eautor
245 1 0 _a5 días de abril /
_cJesús de la Rosa
246 1 _aCinco días de abril /
264 1 _aSanto Domingo :
_bEditora UASD,
_c1977.
300 _a44 páginas,
_bilustraciones
_c21 cm.
336 _atexto
_btxt
_2rdacontent
337 _asin mediación
_bn
_2rdamedia
338 _avolumen
_bnc
_2rdacarrier
490 1 _aUASD critica
_vNo. 15
_vV. 231
586 _aPrimer premio ensayo: periódico "La noticia", en conmemoración X aniversario de la Revolución de abril.
590 _aInventariado, 2024/ YL
910 _aYLockward
942 _2ddc
_cLF2
999 _c57816
_d57816